Minecraft Blocks With a GUI - Statistics

General Stats
  • This quiz has been taken 30 times
  • The average score is 15 of 26
Answer Stats
Release (Java) Block % Correct
1.0.0 Chest
100%
1.0.0 Crafting Table
100%
1.0.0 Furnace
96%
1.3.1 Ender Chest
81%
1.14 Blast Furnace
77%
1.0.0 Enchanting Table
73%
1.11 Shulker Box
73%
1.4.2 Anvil
69%
1.0.0 Dispenser
69%
1.5 Hopper
69%
1.14 Smoker
69%
1.14 Barrel
65%
1.14 Smithing Table
65%
1.5 Trapped Chest
62%
1.5 Dropper
58%
1.14 Stonecutter
58%
1.0.0 Brewing Stand
54%
1.14 Loom
46%
1.14 Cartography Table
42%
1.21 Crafter
42%
1.14 Grindstone
42%
1.14 Lectern
42%
1.4.2 Beacon
27%
1.0.0 Bed
19%
1.0.0 Sign
19%
1.20 Hanging Sign
4%
No matching quizzes found
Score Distribution
Percent of People with Each Score
Percentile by Number Answered
Your Score History
You have not taken this quiz